Statistics for Movies of the Marvel Cinematic Universe (MCU)

Click here to take the quiz!

General Stats

  • This quiz has been taken 79 times
  • The average score is 25 of 28

Answer Stats

Answer% Correct
Captain America: The First Avenger
100%
Iron Man
100%
The Avengers
99%
Iron Man 2
97%
Iron Man 3
97%
Thor
97%
Captain America: Civil War
96%
The Incredible Hulk
96%
Avengers: Endgame
94%
Black Panther
94%
Spider-Man: Far From Home
94%
Spider-Man: Homecoming
94%
Thor: The Dark World
94%
Avengers: Age of Ultron
93%
Avengers: Infinity War
93%
Captain Marvel
93%
Guardians of the Galaxy
93%
Ant-Man
91%
Thor: Ragnarok
91%
Ant-Man and the Wasp
90%
Captain America: The Winter Soldier
90%
Doctor Strange
90%
Guardians of the Galaxy Vol. 2
90%
Black Widow
87%
The Eternals
72%
Shang-Chi and the Legend of the Ten Rings
70%
Thor: Love and Thunder
65%
Doctor Strange in the Multiverse of Madness
64%

Score Distribution

Percentile by Number Answered

Percent of People with Each Score

Your Score History

You have not taken this quiz